00454nam a2200145 i 450000100060000000300090000600500170001500700030003200800410003510000360007624500870011226000330019930000210023285200550025329040ES-MaACL20230906153953.0t|030120s1848 fr ||||1| fre d1 aBalzac, Honoré de,d1799-185013aLa marâtre b: drame intime en cinq actes et huit tableaux / cHonore de Balzac. aParís : bM. Levy, c1848. a95 p. ; c19 cm. aES-MaACLjT-1406-F-1 z.- Enc. en un vol. facticio